{"text_format":"1","workbook":"xlsx","n_sheets":3,"sheets":["сводная","июнь","июль"],"not_rendered":{"charts":0,"images":0,"macros":1,"external_links":0,"defined_names":3,"comments":0,"pivot_tables":0},"unopened":[],"bounds":{"document_bytes":16777216,"sheet_cells":100000,"rows_first":2000,"rows_last":500,"rows_between":2000,"halvings":0,"cell_chars":16384,"cell_head_chars":4096},"cells_cut":0,"cells_raw":0,"read":"whole","date_system":"1900"}

{"sheet":"сводная","index":0,"n_rows":31,"n_cols":9,"rows_kept":31,"cut":false,"hidden":false,"merged":[[0,6,0,7],[0,8,0,9]]}
[null,null,null,null,null,null,"июнь",null,"июль"]
[]
[2383,"Устройство железобетонных буронабивных свай Ø1,2 м длиной 28,1м под защитой обсадной трубы буровой установкой с крутящим моментом 150-250 кНм с извлечением обсадной трубы в грунтах 2 группы","м3",135.65,59154.92,8024364.5423307391,{"$f":"u_1(июнь!A$3:A$31,A3,июнь!D$3:D$31)","v":135.65},null,{"$f":"SUMIF(июнь!$A$3:$A$31,сводная!A3,июнь!$D$3:$D$31)","v":135.65}]
[2384,"Устройство железобетонных буронабивных свай Ø1,2 м длиной 28,1м под защитой обсадной трубы буровой установкой с крутящим моментом 150-250 кНм с извлечением обсадной трубы в грунтах 3 группы","м3",288.25,93295.59,26892454.636254083,{"$f":"u_1(июнь!A$3:A$31,A4,июнь!D$3:D$31)","v":0},null,{"$f":"SUMIF(июнь!$A$3:$A$31,сводная!A4,июнь!$D$3:$D$31)","v":288.25}]
[2385,"Устройство железобетонных буронабивных свай Ø1,2 м длиной 28,1м под защитой обсадной трубы буровой установкой с крутящим моментом 150-250 кНм с извлечением обсадной трубы в грунтах 4 группы","м3",52.56,131564.31,6915020.2046057722,{"$f":"u_1(июнь!A$3:A$31,A5,июнь!D$3:D$31)","v":0},null,{"$f":"SUMIF(июнь!$A$3:$A$31,сводная!A5,июнь!$D$3:$D$31)","v":52.56}]
[2386,"Заполнение бетона B30 F300 W6 методом ВПТ                   (бетон для транспортного строительства)","м3",481.55,20955.78,10091254.445576577,{"$f":"u_1(июнь!A$3:A$31,A6,июнь!D$3:D$31)","v":0},null,{"$f":"SUMIF(июнь!$A$3:$A$31,сводная!A6,июнь!$D$3:$D$31)","v":481.55}]
[2387,"Арматура: А400 Ø32мм","т",62.435400000000001,160606.39000000001,10027524.134210659,{"$f":"u_1(июнь!A$3:A$31,A7,июнь!D$3:D$31)","v":0},null,{"$f":"SUMIF(июнь!$A$3:$A$31,сводная!A7,июнь!$D$3:$D$31)","v":62.435400000000001}]
[2388,"А400 Ø22мм","т",3.2293499999999997,165876.64000000001,535673.7350245862,{"$f":"u_1(июнь!A$3:A$31,A8,июнь!D$3:D$31)","v":0},null,{"$f":"SUMIF(июнь!$A$3:$A$31,сводная!A8,июнь!$D$3:$D$31)","v":3.2293499999999997}]
[2389,"А240 Ø8мм","т",4.4236499999999994,1413299.76,6251943.4981916836,{"$f":"u_1(июнь!A$3:A$31,A9,июнь!D$3:D$31)","v":0},null,{"$f":"SUMIF(июнь!$A$3:$A$31,сводная!A9,июнь!$D$3:$D$31)","v":4.4236499999999994}]
[2390,"Прокат","т",4.4648999999999992,274919.21999999997,1227486.8129830942,{"$f":"u_1(июнь!A$3:A$31,A10,июнь!D$3:D$31)","v":0},null,{"$f":"SUMIF(июнь!$A$3:$A$31,сводная!A10,июнь!$D$3:$D$31)","v":4.4648999999999992}]
[2391,"Труба Ø60мм, толщина стенки 2,5мм","т",4.9554,165939.14000000001,822294.81805637677,{"$f":"u_1(июнь!A$3:A$31,A11,июнь!D$3:D$31)","v":0},null,{"$f":"SUMIF(июнь!$A$3:$A$31,сводная!A11,июнь!$D$3:$D$31)","v":4.9554}]
[2392,"Вязальная проволока","кг",1401.77,198.85,278748.7602057695,{"$f":"u_1(июнь!A$3:A$31,A12,июнь!D$3:D$31)","v":0},null,{"$f":"SUMIF(июнь!$A$3:$A$31,сводная!A12,июнь!$D$3:$D$31)","v":1401.77}]
[2393,"Погрузка грунта экскаватором емкостью ковша 1,0м3 с последующей транспортировкой в грунтовый резерв, грунт 2 группы(γ=1.96т/м3)","м3",135.65,376.79,51111.595769357744,{"$f":"u_1(июнь!A$3:A$31,A13,июнь!D$3:D$31)","v":135.65},null,{"$f":"SUMIF(июнь!$A$3:$A$31,сводная!A13,июнь!$D$3:$D$31)","v":135.65}]
[2394,"Погрузка грунта экскаватором емкостью ковша 1,0м3 с последующей транспортировкой в грунтовый резерв, грунт 3 группы(γ=1.97т/м3)","м3",288.25,396.07,114167.10208853884,{"$f":"u_1(июнь!A$3:A$31,A14,июнь!D$3:D$31)","v":288.25},null,{"$f":"SUMIF(июнь!$A$3:$A$31,сводная!A14,июнь!$D$3:$D$31)","v":288.25}]
[2395,"Погрузка грунта экскаватором емкостью ковша 1,0м3 с последующей транспортировкой в грунтовый резерв, грунт 4 группы(γ=2.00т/м3)","м3",52.56,427.39,22463.562000227008,{"$f":"u_1(июнь!A$3:A$31,A15,июнь!D$3:D$31)","v":52.56},null,{"$f":"SUMIF(июнь!$A$3:$A$31,сводная!A15,июнь!$D$3:$D$31)","v":52.56}]
[2396,"Снятие шламового слоя h=30см с погрузкой экскаватором емк. ковша 1,0м3 в автосамосвалы с последующей транспортировкой на утилизацию","м3",5.09,6399.8641883845139,32575.308718877175,{"$f":"u_1(июнь!A$3:A$31,A16,июнь!D$3:D$31)","v":5.09},null,{"$f":"SUMIF(июнь!$A$3:$A$31,сводная!A16,июнь!$D$3:$D$31)","v":5.09}]
[2397,"Устройство бетонной подготовки под ростверк опоры, бетон B7,5, h=200мм","м3",17.96,15859.049114006753,284828.52208756132,{"$f":"u_1(июнь!A$3:A$31,A17,июнь!D$3:D$31)","v":17.96},null,{"$f":"SUMIF(июнь!$A$3:$A$31,сводная!A17,июнь!$D$3:$D$31)","v":17.96}]
[2398,"Устройство монолитного ростверка в деревометаллической опалубке,, бетон B30 F300 W8   (бетон для транспортного строительства)","м3",206.5,44736.110949337555,9238006.911038205,{"$f":"u_1(июнь!A$3:A$31,A18,июнь!D$3:D$31)","v":0},null,{"$f":"SUMIF(июнь!$A$3:$A$31,сводная!A18,июнь!$D$3:$D$31)","v":206.5}]
[2399,"Арматура: А400 Ø32мм","т",2.6987399999999999,160606.31891276251,433434.69710262865,{"$f":"u_1(июнь!A$3:A$31,A19,июнь!D$3:D$31)","v":0},null,{"$f":"SUMIF(июнь!$A$3:$A$31,сводная!A19,июнь!$D$3:$D$31)","v":2.6987399999999999}]
[2400,"А400 Ø28мм","т",4.1196099999999998,163275.27976368408,672630.47526727058,{"$f":"u_1(июнь!A$3:A$31,A20,июнь!D$3:D$31)","v":0},null,{"$f":"SUMIF(июнь!$A$3:$A$31,сводная!A20,июнь!$D$3:$D$31)","v":4.1196099999999998}]
[2401,"А400 Ø22мм","т",2.5422899999999999,165876.61236675995,421706.45285389014,{"$f":"u_1(июнь!A$3:A$31,A21,июнь!D$3:D$31)","v":0},null,{"$f":"SUMIF(июнь!$A$3:$A$31,сводная!A21,июнь!$D$3:$D$31)","v":2.5422899999999999}]
[2402,"А400 Ø14мм","т",2.2857800000000004,167547.89906603674,382977.63672716555,{"$f":"u_1(июнь!A$3:A$31,A22,июнь!D$3:D$31)","v":0},null,{"$f":"SUMIF(июнь!$A$3:$A$31,сводная!A22,июнь!$D$3:$D$31)","v":2.2857800000000004}]
[2403,"А240 Ø14мм","т",1.7506700000000002,130318.16363690795,228144.09953422565,{"$f":"u_1(июнь!A$3:A$31,A23,июнь!D$3:D$31)","v":0},null,{"$f":"SUMIF(июнь!$A$3:$A$31,сводная!A23,июнь!$D$3:$D$31)","v":1.7506700000000002}]
[2404,"Вязальная проволока","кг",267.94,198.85484794636034,53281.167958747785,{"$f":"u_1(июнь!A$3:A$31,A24,июнь!D$3:D$31)","v":0},null,{"$f":"SUMIF(июнь!$A$3:$A$31,сводная!A24,июнь!$D$3:$D$31)","v":267.94}]
[2405,"Устройство монолитных стоек в деревометаллической опалубке, бетон B30 F300 W8 (бетон для транспортного строительства)","м3",12.5,115750.90105450165,1446886.2631812706,{"$f":"u_1(июнь!A$3:A$31,A25,июнь!D$3:D$31)","v":0},null,{"$f":"SUMIF(июнь!$A$3:$A$31,сводная!A25,июнь!$D$3:$D$31)","v":12.5}]
[2406,"Армирование опор","т",2.4954999999999998,83780.629359953324,209074.56056776352,{"$f":"u_1(июнь!A$3:A$31,A26,июнь!D$3:D$31)","v":0},null,{"$f":"SUMIF(июнь!$A$3:$A$31,сводная!A26,июнь!$D$3:$D$31)","v":2.4954999999999998}]
[2407,"Арматура: А400 Ø32мм","т",1.07328,159648.87371884112,171347.94318495778,{"$f":"u_1(июнь!A$3:A$31,A27,июнь!D$3:D$31)","v":0},null,{"$f":"SUMIF(июнь!$A$3:$A$31,сводная!A27,июнь!$D$3:$D$31)","v":1.07328}]
[2408,"А400 Ø25мм","т",1.18004,162317.64457468526,191541.31330391159,{"$f":"u_1(июнь!A$3:A$31,A28,июнь!D$3:D$31)","v":0},null,{"$f":"SUMIF(июнь!$A$3:$A$31,сводная!A28,июнь!$D$3:$D$31)","v":1.18004}]
[2409,"А240 Ø10мм","т",0.24218000000000001,140113.3898561658,33932.660755366232,{"$f":"u_1(июнь!A$3:A$31,A29,июнь!D$3:D$31)","v":0},null,{"$f":"SUMIF(июнь!$A$3:$A$31,сводная!A29,июнь!$D$3:$D$31)","v":0.24218000000000001}]
[2410,"Вязальная проволока","кг",49.92,197.89487281798606,9878.9120510738649,{"$f":"u_1(июнь!A$3:A$31,A30,июнь!D$3:D$31)","v":0},null,{"$f":"SUMIF(июнь!$A$3:$A$31,сводная!A30,июнь!$D$3:$D$31)","v":49.92}]
[2411,"Устройство монолитного ригеля, бетон B30 F300 W8        (бетон для транспортного строительства)","м3",38.450000000000003,28665.577314601767,1102191.447746438,{"$f":"u_1(июнь!A$3:A$31,A31,июнь!D$3:D$31)","v":38.450000000000003},null,{"$f":"SUMIF(июнь!$A$3:$A$31,сводная!A31,июнь!$D$3:$D$31)","v":38.450000000000003}]

{"sheet":"июнь","index":1,"n_rows":31,"n_cols":6,"rows_kept":31,"cut":false,"hidden":false,"merged":[]}
[]
[]
[2383,"Устройство железобетонных буронабивных свай Ø1,2 м длиной 28,1м под защитой обсадной трубы буровой установкой с крутящим моментом 150-250 кНм с извлечением обсадной трубы в грунтах 2 группы","м3",135.65,59154.92,8024364.5423307391]
[2384,"Устройство железобетонных буронабивных свай Ø1,2 м длиной 28,1м под защитой обсадной трубы буровой установкой с крутящим моментом 150-250 кНм с извлечением обсадной трубы в грунтах 3 группы","м3",288.25,93295.59,26892454.636254083]
[2385,"Устройство железобетонных буронабивных свай Ø1,2 м длиной 28,1м под защитой обсадной трубы буровой установкой с крутящим моментом 150-250 кНм с извлечением обсадной трубы в грунтах 4 группы","м3",52.56,131564.31,6915020.2046057722]
[2386,"Заполнение бетона B30 F300 W6 методом ВПТ                   (бетон для транспортного строительства)","м3",481.55,20955.78,10091254.445576577]
[2387,"Арматура: А400 Ø32мм","т",62.435400000000001,160606.39000000001,10027524.134210659]
[2388,"А400 Ø22мм","т",3.2293499999999997,165876.64000000001,535673.7350245862]
[2389,"А240 Ø8мм","т",4.4236499999999994,1413299.76,6251943.4981916836]
[2390,"Прокат","т",4.4648999999999992,274919.21999999997,1227486.8129830942]
[2391,"Труба Ø60мм, толщина стенки 2,5мм","т",4.9554,165939.14000000001,822294.81805637677]
[2392,"Вязальная проволока","кг",1401.77,198.85,278748.7602057695]
[2393,"Погрузка грунта экскаватором емкостью ковша 1,0м3 с последующей транспортировкой в грунтовый резерв, грунт 2 группы(γ=1.96т/м3)","м3",135.65,376.79,51111.595769357744]
[2394,"Погрузка грунта экскаватором емкостью ковша 1,0м3 с последующей транспортировкой в грунтовый резерв, грунт 3 группы(γ=1.97т/м3)","м3",288.25,396.07,114167.10208853884]
[2395,"Погрузка грунта экскаватором емкостью ковша 1,0м3 с последующей транспортировкой в грунтовый резерв, грунт 4 группы(γ=2.00т/м3)","м3",52.56,427.39,22463.562000227008]
[2396,"Снятие шламового слоя h=30см с погрузкой экскаватором емк. ковша 1,0м3 в автосамосвалы с последующей транспортировкой на утилизацию","м3",5.09,6399.8641883845139,32575.308718877175]
[2397,"Устройство бетонной подготовки под ростверк опоры, бетон B7,5, h=200мм","м3",17.96,15859.049114006753,284828.52208756132]
[2398,"Устройство монолитного ростверка в деревометаллической опалубке,, бетон B30 F300 W8   (бетон для транспортного строительства)","м3",206.5,44736.110949337555,9238006.911038205]
[2399,"Арматура: А400 Ø32мм","т",2.6987399999999999,160606.31891276251,433434.69710262865]
[2400,"А400 Ø28мм","т",4.1196099999999998,163275.27976368408,672630.47526727058]
[2401,"А400 Ø22мм","т",2.5422899999999999,165876.61236675995,421706.45285389014]
[2402,"А400 Ø14мм","т",2.2857800000000004,167547.89906603674,382977.63672716555]
[2403,"А240 Ø14мм","т",1.7506700000000002,130318.16363690795,228144.09953422565]
[2404,"Вязальная проволока","кг",267.94,198.85484794636034,53281.167958747785]
[2405,"Устройство монолитных стоек в деревометаллической опалубке, бетон B30 F300 W8 (бетон для транспортного строительства)","м3",12.5,115750.90105450165,1446886.2631812706]
[2406,"Армирование опор","т",2.4954999999999998,83780.629359953324,209074.56056776352]
[2407,"Арматура: А400 Ø32мм","т",1.07328,159648.87371884112,171347.94318495778]
[2408,"А400 Ø25мм","т",1.18004,162317.64457468526,191541.31330391159]
[2409,"А240 Ø10мм","т",0.24218000000000001,140113.3898561658,33932.660755366232]
[2410,"Вязальная проволока","кг",49.92,197.89487281798606,9878.9120510738649]
[2411,"Устройство монолитного ригеля, бетон B30 F300 W8        (бетон для транспортного строительства)","м3",38.450000000000003,28665.577314601767,1102191.447746438]

{"sheet":"июль","index":2,"n_rows":31,"n_cols":6,"rows_kept":31,"cut":false,"hidden":false,"merged":[]}
[]
[]
[2383,"Устройство железобетонных буронабивных свай Ø1,2 м длиной 28,1м под защитой обсадной трубы буровой установкой с крутящим моментом 150-250 кНм с извлечением обсадной трубы в грунтах 2 группы","м3",135.65,59154.92,8024364.5423307391]
[2384,"Устройство железобетонных буронабивных свай Ø1,2 м длиной 28,1м под защитой обсадной трубы буровой установкой с крутящим моментом 150-250 кНм с извлечением обсадной трубы в грунтах 3 группы","м3",288.25,93295.59,26892454.636254083]
[2385,"Устройство железобетонных буронабивных свай Ø1,2 м длиной 28,1м под защитой обсадной трубы буровой установкой с крутящим моментом 150-250 кНм с извлечением обсадной трубы в грунтах 4 группы","м3",52.56,131564.31,6915020.2046057722]
[2386,"Заполнение бетона B30 F300 W6 методом ВПТ                   (бетон для транспортного строительства)","м3",481.55,20955.78,10091254.445576577]
[2387,"Арматура: А400 Ø32мм","т",62.435400000000001,160606.39000000001,10027524.134210659]
[2388,"А400 Ø22мм","т",3.2293499999999997,165876.64000000001,535673.7350245862]
[2389,"А240 Ø8мм","т",4.4236499999999994,1413299.76,6251943.4981916836]
[2390,"Прокат","т",4.4648999999999992,274919.21999999997,1227486.8129830942]
[2391,"Труба Ø60мм, толщина стенки 2,5мм","т",4.9554,165939.14000000001,822294.81805637677]
[2392,"Вязальная проволока","кг",1401.77,198.85,278748.7602057695]
[2393,"Погрузка грунта экскаватором емкостью ковша 1,0м3 с последующей транспортировкой в грунтовый резерв, грунт 2 группы(γ=1.96т/м3)","м3",135.65,376.79,51111.595769357744]
[2394,"Погрузка грунта экскаватором емкостью ковша 1,0м3 с последующей транспортировкой в грунтовый резерв, грунт 3 группы(γ=1.97т/м3)","м3",288.25,396.07,114167.10208853884]
[2395,"Погрузка грунта экскаватором емкостью ковша 1,0м3 с последующей транспортировкой в грунтовый резерв, грунт 4 группы(γ=2.00т/м3)","м3",52.56,427.39,22463.562000227008]
[2396,"Снятие шламового слоя h=30см с погрузкой экскаватором емк. ковша 1,0м3 в автосамосвалы с последующей транспортировкой на утилизацию","м3",5.09,6399.8641883845139,32575.308718877175]
[2397,"Устройство бетонной подготовки под ростверк опоры, бетон B7,5, h=200мм","м3",17.96,15859.049114006753,284828.52208756132]
[2398,"Устройство монолитного ростверка в деревометаллической опалубке,, бетон B30 F300 W8   (бетон для транспортного строительства)","м3",206.5,44736.110949337555,9238006.911038205]
[2399,"Арматура: А400 Ø32мм","т",2.6987399999999999,160606.31891276251,433434.69710262865]
[2400,"А400 Ø28мм","т",4.1196099999999998,163275.27976368408,672630.47526727058]
[2401,"А400 Ø22мм","т",2.5422899999999999,165876.61236675995,421706.45285389014]
[2402,"А400 Ø14мм","т",2.2857800000000004,167547.89906603674,382977.63672716555]
[2403,"А240 Ø14мм","т",1.7506700000000002,130318.16363690795,228144.09953422565]
[2404,"Вязальная проволока","кг",267.94,198.85484794636034,53281.167958747785]
[2405,"Устройство монолитных стоек в деревометаллической опалубке, бетон B30 F300 W8 (бетон для транспортного строительства)","м3",12.5,115750.90105450165,1446886.2631812706]
[2406,"Армирование опор","т",2.4954999999999998,83780.629359953324,209074.56056776352]
[2407,"Арматура: А400 Ø32мм","т",1.07328,159648.87371884112,171347.94318495778]
[2408,"А400 Ø25мм","т",1.18004,162317.64457468526,191541.31330391159]
[2409,"А240 Ø10мм","т",0.24218000000000001,140113.3898561658,33932.660755366232]
[2410,"Вязальная проволока","кг",49.92,197.89487281798606,9878.9120510738649]
[2411,"Устройство монолитного ригеля, бетон B30 F300 W8        (бетон для транспортного строительства)","м3",38.450000000000003,28665.577314601767,1102191.447746438]